Pekeliling kemajuan pentadbiran awam 1992 Jilid 2 / (Record no. 2040)
[ view plain ]
| 000 -LEADER | |
|---|---|
| fixed length control field | nam a22 7a 4500 |
| 005 - DATE AND TIME OF LATEST TRANSACTION | |
| control field | 20170515094632.0 |
| 008 - FIXED-LENGTH DATA ELEMENTS--GENERAL INFORMATION | |
| fixed length control field | 170515b1992 my ||||| |||| 00| 0 may d |
| 040 ## - CATALOGING SOURCE | |
| Original cataloging agency | AKMAL |
| 082 ## - DEWEY DECIMAL CLASSIFICATION NUMBER | |
| Classification number | 354.595 AHM |
| 090 ## - LOCALLY ASSIGNED LC-TYPE CALL NUMBER (OCLC); LOCAL CALL NUMBER (RLIN) | |
| Classification number (OCLC) (R) ; Classification number, CALL (RLIN) (NR) | 354.595 |
| Local cutter number (OCLC) ; Book number/undivided call number, CALL (RLIN) | AHM |
| 100 1# - MAIN ENTRY--PERSONAL NAME | |
| Personal name | Malaysia |
| 9 (RLIN) | 417 |
| 245 00 - TITLE STATEMENT | |
| Title | Pekeliling kemajuan pentadbiran awam 1992 Jilid 2 / |
| Remainder of title | Panduan Pengurusan Kualati menyeluruh (TQM) Bagi Perkhidmatan Awam |
| 260 ## - PUBLICATION, DISTRIBUTION, ETC. | |
| Place of publication, distribution, etc. | Kuala Lumpur : |
| Name of publisher, distributor, etc. | Jabatan Perdana Menteri, |
| Date of publication, distribution, etc. | 1992 |
| 300 ## - PHYSICAL DESCRIPTION | |
| Other physical details | il. ; |
| Dimensions | 25cm |
| 650 20 - SUBJECT ADDED ENTRY--TOPICAL TERM | |
| Topical term or geographic name entry element | Civil service |
| Geographic subdivision | Malaysia |
| 9 (RLIN) | 420 |
| 710 1# - ADDED ENTRY--CORPORATE NAME | |
| Corporate name or jurisdiction name as entry element | Malaysia |
| Subordinate unit | Jabatan Perdana Menteri |
| 9 (RLIN) | 3179 |
| 942 ## - ADDED ENTRY ELEMENTS (KOHA) | |
| Source of classification or shelving scheme | |
| Koha item type | Book |
| Withdrawn status | Lost status | Source of classification or shelving scheme | Damaged status | Not for loan | Collection code | Home library | Current library | Shelving location | Date acquired | Inventory number | Total Checkouts | Full call number | Barcode | Date last seen | Price effective from | Koha item type |
|---|---|---|---|---|---|---|---|---|---|---|---|---|---|---|---|---|
| NON-FICTION | AKMAL Melaka | AKMAL Melaka | PINJAMAN | 15.05.2017 | 302410 | 354.595 AHM | 201706131 | 15.05.2017 | 15.05.2017 | Book |
